Foods by Country Quiz Stats

 Plays Quiz Updated Apr 3, 2018

Support Sporcle.
Go Orange.
Score 0/20 Timer 06:00
2 Plays Today
Description Dish % Correct
Frankfurter fried in cornbread batter and served on a stick.Corn dog
84.6%
Chickpea paste.Hummus
72.6%
Salted and fermented shredded cabbage.Sauerkraut
72.2%
Hot dish of melted cheese for dipping bread, meat or fruit.Fondue
68.5%
Sliced raw fish (without rice).Sashimi
64.1%
Minced lamb pie with a potato crust.Shepherd's pie
59.9%
Chilled tomato-based soup with vegetables and herbs.Gazpacho
57.7%
Meat, tomato, onion, and tzatziki sauce on pita bread.Gyro
56.7%
Veal fried in breadcrumbs.Wiener Schnitzel
54.2%
Rice dish cooked in broth, often with saffron.Risotto
53.7%
Description Dish % Correct
Roast duck with thin, crispy skin.Peking Duck
51.5%
Goose or duck liver.Foie Gras
47.9%
Fillings coated with masa dough and wrapped in a corn husk.Tamale
46.7%
Beet soup with sour cream.Borscht
44.7%
Spherical semolina wheat granules Couscous
42.6%
Meat and vegetable stew or soup, seasoned with paprika.Goulash
42.4%
Thinly sliced beef fillet sautéed with mushrooms and sour cream over noodles.Beef Stroganoff
40.4%
Yogurt drink flavored with fruit or spices.Lassi
32.6%
Puree of eggplant and ground sesame seed paste. Garnished with mint or pistachios.Baba ghanoush
30.2%
Fried or baked phyllo pastry with a savory filling.börek
8.2%

You're not logged in!

Compare scores with friends on all Sporcle quizzes.
OR
Log In
Forgot?

From the Vault

Alphabetical Oceania

by jcorney92

Dang, there's a lot of water out there in Oceania.
Remove Ads.
Support Sporcle.
Get the best of Sporcle when you Go Orange. This ad-free experience offers more features, more stats, and more fun while also helping to support Sporcle. Thank you for becoming a member.

Show Comments

Extras

Top Quizzes Today


Score Distribution

Your Account Isn't Verified!

In order to create a playlist on Sporcle, you need to verify the email address you used during registration. Go to your Sporcle Settings to finish the process.

Report this User

Report this user for behavior that violates our Community Guidelines.

Details: